| 000 | 01301nam a22003377a 4500 | ||
|---|---|---|---|
| 003 | CHAP | ||
| 005 | 20220329143306.0 | ||
| 008 | 080226d2005 es ad r 00110 spa d | ||
| 010 | _a94506 | ||
| 011 | _a95478 | ||
| 020 | _a8420010561 | ||
| 035 | _a106104 | ||
| 040 | _cCHAP | ||
| 082 | 0 | 4 |
_a636.1 _bD3Y |
| 100 | 0 | 0 |
_aDavies Morel, Mina C.G. _931194 |
| 245 | 1 | 0 |
_aFisiología de la reproducción de los équidos, cría y manejo de la yeguada _c/por M.C.G. Davies Morel |
| 260 |
_aZaragoza : _bAcribia, S.A., _c2005 |
||
| 300 |
_aviii, 417 p. : _bilus. ; gráfs. ; tablas ; diagramas |
||
| 500 | _aTrad de : Equine reproductive physiology, breeding and stud management, 2a. ed. | ||
| 590 |
_aBATCH-UPD _b10 _c20130110 _lUCH01 _h0749 |
||
| 590 |
_aBATCH-UPD _b10 _c20130410 _lUCH01 _h0429 |
||
| 590 |
_aBATCH-UPD _b10 _c20130914 _lUCH01 _h1136 |
||
| 590 |
_aCONVERSION _b10 _c20130109 _lUCH01 _h1352 |
||
| 650 | 1 | 4 |
_aGanado caballar _xAnatomía y fisiología. _944969 |
| 650 | 1 | 4 |
_aGanado caballar _xMejoramiento. _944977 |
| 650 | 1 | 4 |
_aGanado caballar _xReproducción. _944985 |
| 901 | _aBK | ||
| 942 | _cLIBRO | ||
| 949 |
_a636.1 D3Y _bBC _cLIBRO _d33724002048090 _eLIBRO _gI.c/e _h109109 _i106104 _sb _t$1100.00 |
||
| 949 |
_a636.1 D3Y _bBC _cLIBRO _d33724002070488 _eLIBRO _fc.2 _gI.c/e _h109778 _i106104 _sb _t$721.51 |
||
| 999 |
_c94506 _d94506 |
||